000 02461nam a2200277 i 4500
001 73477
003 ES-MaACL
005 20250415063057.0
007 t|
008 041015s2004 sp ||||1| spa d
020 _a84-8432-557-1
080 _a946.027 M. "1936/39"
100 0 _aMartínez Reverte, Jorge,
_d1948-2021
_978355
245 1 3 _aLa batalla de Madrid /
_cJorge M. Reverte.
250 _a2ª ed.
260 _aBarcelona :
_bCrítica,
_c2004.
300 _a642 p., [32] p. de lám. ;
_c23 cm.
490 1 _aCrítica contrastes
504 _aBibliografía: p. [607]-613.
520 _aHace sólo seis días que ha empezado el otoño y en los campos soplan tempestades revolucionarias y vientos de miedo. Un rumor de pasos africanos se acerca a Madrid. Los generales sublevados, los vencedores de Toledo, quieren tomar café en la Gran Vía y oír misa en los Jerónimos. Un cerco de muerte acecha desde Majadahonda hasta Vallecas. Regulares y legionarios atacan en la Casa de Campo y asaltan la Ciudad Universitaria protegidos por los cañones del cerro Garabitas. Allí, en las trincheras, junto a las facultades, en las salas del Clínico, les esperan los milicianos anarquistas, las brigadas internacionales, el pueblo de Madrid, hombres y mujeres anónimos que no les dejarán pasar. Durante cuatro largos meses de combate, Madrid será la patria del sufrimiento. Cuando, agotados, descansen los frentes, seguirá la batalla en el cielo. Bombas sobre Alcalá, bombas sobre el Prado, bombas sobre el Clínico de San Carlos, bombas sobre Atocha… Arden las chabolas del barrio de Tetuán, arde el palacio de Liria. Una alfombra de niños muertos cubre el paseo de Rosales. Cuando paren los bombardeos llegará la punzada del hambre. Ya no hay qué comer en Madrid, pero Madrid resiste. Mujeres famélicas desuellan un mulo destripado por las bombas, mientras perros enloquecidos por el hambre hacen cabriolas a su alrededor; pero Madrid resiste. A oscuras, las calles están desiertas y ciegas, mientras resuenan las descargas de fusilería, el chasquido rítmico de las ametralladoras y, de vez en vez, los cañonazos densos y opacos. En el pecho la angustia, la zozobra y el dolor de todo y por todo, pero Madrid resiste. Y se hace leyenda.
651 4 _aMadrid-
_xHistoria-
_y1936-1939.
_98964
830 0 _aCrítica contrastes
_9180307
852 _aES-MaACL
_jL-28248
_bR.134138
942 _2udc
999 _c73477
_d73477